000 00653nam a2200205 i 4500
001 31069
003 ES-MaACL
007 t|
008 030128s1953 sp ||||1| spa d
100 1 _aBaud, Francis.
_926508
245 1 0 _aFisonomia y cáracter /
_cFrancis Baud ; traducción de Pedro Voltes Bou.
250 _a[1ª ed. española].
260 _aBarcelona, etc. :
_bSalvat,
_c[1953] (
_fImp. Hispano-Americana)
300 _a148 p. :
_bil. ;
_c17 cm.
490 1 _aSurco ;
_v95
700 0 _aVoltes Bou, Pedro,
_d1926-2009
_9115726
830 0 _aSurco ;
_v95
_9181374
852 _aES-MaACL
_jC-6158
_bR.35139
999 _c31069
_d31069